000 00958nam a2200289 i 4500
001 bg
003 BPK
005 20210528090356.0
008 000320s1980 pl a f f |000 0 pol
015 _aPB 5863/80
020 _a8370000053
040 _aWA N
_cBPK
041 0 _apol
080 _a62
080 _a528
080 _a(075.8)
245 0 0 _aGeodezja inżynieryjna :
_bpraca zbiorowa.
_nT. 2 /
_ckoordynator dzieła Marian Pękalski ; [aut. Jan Gocał et al.].
260 _aWarszawa :
_bPaństwowe Przedsiebiorstwo Wydawnictw Kartograficznych,
_c1980.
300 _a602 s., [3] k. tabl. :
_bil., wykr. ;
_c24 cm.
504 _aBibliogr. przy rozdz.
650 4 _aGeodezja
655 4 _aPodręczniki akademickie
700 1 _aPękalski, Marian.
_eRed.
700 1 _aGocał, Jan
_d(1940- )
_eAutor
942 _2udc
_cKS
856 _uhttp://koha.tu.koszalin.pl/cgi-bin/koha/opac-detail.pl?biblionumber=1476
_yKatalog online BPK
999 _c1476
_d1476